000 00483 a2200169 4500
003 OSt
005 20231229111207.0
008 231229b |||||||| |||| 00| 0 eng d
020 _a9789350725566
040 _coclc
082 _a891.43
_bPAN/U
100 _aPandey, Manager
_910142
245 _aUPANYAS AUR LOKTANTRA /
_cManager Pandey
260 _aNew Delhi:
_bVani Prakashan,
_c2018.
300 _a240p
942 _2ddc
_cBK
_h891.43
_iPAN/U
_k891.43
_mPAN/U
999 _c43612
_d43612